000 00413pab a2200157 454500
008 180718b2004 xxu||||| |||| 00| 0 eng d
100 _aPurkayastha, Gautam
245 _aCredit deepening in farm and non-farm sectors in Assam
260 _c2004
300 _ap.28-34.
362 _aApr
650 _aAgricultural credit - India - Assam
650 _aAgricultural credit
773 _aYojana
909 _a59982
999 _c59982
_d59982